Central Library OPAC University of Rajshahi

Energy and society : (Record no. 58005)

MARC details
000 -LEADER
fixed length control field 00765nam a2200253 a 4500
001 - CONTROL NUMBER
control field 58005
003 - CONTROL NUMBER IDENTIFIER
rucl marc code BD-RjUL
005 - DATE AND TIME OF LATEST TRANSACTION
control field 20211209080557.0
008 - FIXED-LENGTH DATA ELEMENTS--GENERAL INFORMATION
fixed length control field 161212s1955 enk 001 0 eng
035 ## - SYSTEM CONTROL NUMBER
System control number (BD-RjUL)58129
040 ## - CATALOGING SOURCE
Original cataloging agency DLC
Transcribing agency ODaWU
Modifying agency OCoLC
-- (BD-RjUL
Language of cataloging eng
041 ## - LANGUAGE CODE
Language code of text/sound track or separate title eng
082 ## - DEWEY DECIMAL CLASSIFICATION NUMBER
Classification number 301
Edition number 23
Author mark and year COE 1955
100 1# - MAIN ENTRY--PERSONAL NAME
Personal name Cottrell, Fred,
Dates associated with a name 1903-1979.
9 (RLIN) 172270
245 10 - TITLE STATEMENT
Title Energy and society :
Remainder of title the relation between energy, social changes, and economic development /
Statement of responsibility, etc. Fred, Cottrell,
260 ## - PUBLICATION, DISTRIBUTION, ETC. (IMPRINT)
Place of publication, distribution, etc. New York :
Name of publisher, distributor, etc. McGraw-Hill,
Date of publication, distribution, etc. c1955.
300 ## - PHYSICAL DESCRIPTION
Pagination 330 p. ;
Size 24 cm.
500 ## - GENERAL NOTE
General note Include index
650 #0 - SUBJECT ADDED ENTRY--TOPICAL TERM
Topical term or geographic name as entry element Power resources.
9 (RLIN) 172271
Topical term or geographic name as entry element Progress.
9 (RLIN) 172272
Topical term or geographic name as entry element Civilization.
9 (RLIN) 170722
942 ## - ADDED ENTRY ELEMENTS (KOHA)
Source of classification or shelving scheme Dewey Decimal Classification
Koha item type Books
Holdings
Lost status Source of classification or shelving scheme Damaged status Not for loan Collection code Permanent Location Current Location Shelving location Date acquired Source of acquisition Cost, normal purchase price Total Checkouts Full call number Date last seen Copy number Koha item type
  Dewey Decimal Classification   Not For Loan Non-fiction Central Library, University of Rajshahi Central Library, University of Rajshahi Reading Room 16/01/1958 Mirza Book agency 6.00   301 COE 1955 12/12/2016 C-1 Books